01176nam a2200253 a 4500008004100000020001500041050001600056100002000072245006000092246005100152260005000203260010200253300002000355350000900375500013800384650003600522650002100558700004200579700001900621710003700640995009600677999001700773952013200790120416s1990 ||||||||||||||||| || u a1557751331 aHG 3851 Cho aGrauwe, Paul de10aChoosing an exchange rate regimecedited by Victor Argy athe challenge for smaller industrial countries aWashingtonbInternational Monetary Fundc1990 aWashingtonbInternational Monetary Fund Katholieke Universiteit Leuven Macquarie Universityc1990 av, 391p. : ill. a0.00 aPapers from a conference held at the Centre for European Policy Studies in Brussels, Oct. 1989. -Includes bibliographical references. aFOREIGN EXCHANGE ADMINISTRATION aFOREIGN EXCHANGE aPolak, J. J. (Jacques Jacobus), 1914- aArgy, Victor E aINTERNATIONAL MONETARY FUND(IMF) D0.00FCBU-MAIN LIBRARY (Kitwe)H1I17.55M1UAVAILABLEZMain Library Open Access Collection c37361d37361 00102lcc4070a001b001cMain Library Open Access Collectiond2022-11-30l0oHG 3851 Chop007752r2022-11-30w2022-11-30y002